000 00413nam a2200169Ia 4500
008 230524s9999 xx 000 0 und d
082 _a621.382
_bMEH
100 _aV.K.Mehta
245 0 _aPrinciples of Electrical Machines
250 _a1SR
260 _aNEW DELHI
_bS.Chand
_c2005
300 _aVII;509+8
500 _aQuantity Number: 169
650 _aElectrical
700 _a Rohit Mehta
942 _cBK
999 _c20787
_d20787